| 000 | 01036cam a2200277 i 4500 | ||
|---|---|---|---|
| 001 | BD-DhSAU 6128 | ||
| 003 | BD-DhSAU | ||
| 005 | 20150502132743.0 | ||
| 008 | 800408s1979 onca 100 0 eng | ||
| 015 | _aC*** | ||
| 020 | _a0889362300 | ||
| 040 | _aBD-DhSAU | ||
| 082 | 0 | 0 |
_a338.917101724 _222 _bCAN |
| 245 | 0 | 0 |
_aCanada's role in science and technology for development : _bproceedings of a symposium held at the Ontario Science Centre, Toronto, Canada, 10-13 May 1979 / _cJ. King Gordon, editor. |
| 260 |
_aOttawa : _bInternational Development Research Centre , _c1979. |
||
| 300 |
_a136 p. : _bill. ; _c25 cm. |
||
| 500 | _a"IDRC-141e." | ||
| 590 | _aimran | ||
| 650 | 0 |
_aScience _zDeveloping countries _xCongresses. |
|
| 650 | 0 |
_aTechnology _zDeveloping countries _xCongress. |
|
| 650 | 0 |
_aScience _zCanada _xCongresses. |
|
| 650 | 0 |
_aTechnology _zCanada _xCongresses. |
|
| 650 | 0 |
_aScience _xInternational cooperation _xCongresses. |
|
| 650 | 0 |
_aTechnology _xInternational cooperation _xCongresses. |
|
| 700 | 1 | _aGordon, J. King. | |
| 942 |
_2ddc _cBOOK |
||
| 999 |
_c6128 _d6128 |
||